000 00473nas a2200181 i 4500
001 C2-0322806
003 PPAK
005 20180729123401.0
008 130915s my a|||| ||||| | may d
022 _a9771985191052
040 _aPPAK
_beng
_cPPAK
_erda
245 0 0 _aApartmen impiana
_binspirasi trend urban
264 1 _aSelangor :
_bKarangkraf ,
336 _2rdacontent
_atext
337 _2rdamedia
_aunmediated
338 _2rdacarrier
_avolume
942 _ddc
_cSR
999 _c149766
_d149766